000 00786nam a22002771 4500
001 9663
003 BD-RjUL
005 20211208234821.0
008 140121s1960 nyua 001 0 eng d
035 _a(BD-RjUL)9708
040 _aDLC/ICU
_cICU
_dDLC
_dBD-RjUL
_beng
041 _aeng
051 _cCopy 2.
082 0 0 _a536.56
_bDIL 1960
100 1 _aDin, F.
_929895
245 0 0 _aLow-temperature techniques /
_cby F. Din and A.H. Cockett.
260 _aNew York :
_bInterscience Publishers;
_c1960.
300 _aviii, 216 p. :
_billus.
_c23 cm.
500 _a"1st published 1960."
504 _aIncludes index.
650 0 _aLow temperatures.
_929896
700 1 _aCockett, A. H.,
_ejoint author.
_929897
942 _2ddc
_cBK
999 _c9663
_d9663